[Event "Montreal Mercredi 11"]
[Site "Montreal"]
[Date "2008.12.03"]
[Round "3"]
[White "Marquis, Gerald"]
[Black "Gauthier, Luc"]
[Result "0-1"]
[WhiteElo "1542"]
[BlackElo "1631"]
[PlyCount "100"]
[EventDate "2008.11.19"]
[EventType "tourn"]
[EventRounds "5"]
[EventCountry "CAN"]
[SourceTitle "EXT 2011"]
[Source "ChessBase"]
[SourceDate "2010.11.26"]
[SourceVersion "1"]
[SourceVersionDate "2010.11.26"]
[SourceQuality "1"]

1. e4 Nf6 2. e5 Nd5 3. c4 Nb6 4. d4 d6 5. Bf4 Nc6 6. Nc3 Bf5 7. Be2 dxe5 8. dxe5 e6 9. Qxd8+ Rxd8 10. Rd1 Bb4 11. Rxd8+ Kxd8 12. Nf3 Na5 13. Nd2 Bxc3 14. bxc3 Ke7 15. 0-0 Rd8 16. Bg5+ f6 17. exf6+ gxf6 18. Be3 Bd3 19. Bxd3 Rxd3 20. c5 Nd5 21. Nb3 Nxb3 22. axb3 Nxe3 23. fxe3 Rxc3 24. b4 Rxe3 25. Rf4 Re5 26. Rh4 h5 27. Kf2 Kf7 28. Rd4 Rd5 29. Rc4 c6 30. Ke3 e5 31. Ke4 Ke6 32. Ke3 f5 33. Rh4 f4+ 34. Kf3 Rd3+ 35. Ke2 Rb3 36. Rxh5 Rxb4 37. Kd3 Kd5 38. Kc3 Rc4+ 39. Kb3 Rxc5 40. Rh7 Rb5+ 41. Kc3 e4 42. Rh5+ Ke6 43. Rh6+ Kf5 44. Kd4 e3 45. Kd3 a5 46. Rh8 Rd5+ 47. Ke2 Rd2+ 48. Ke1 Rxg2 49. Rf8+ Ke4 50. Re8+ Kf3 0-1

[Event "Montreal Mercredi 10"]
[Site "Montreal"]
[Date "2008.10.15"]
[Round "2"]
[White "Landry, Martin"]
[Black "Marquis, Gerald"]
[Result "0-1"]
[WhiteElo "1581"]
[BlackElo "1540"]
[PlyCount "44"]
[EventDate "2008.10.08"]
[EventType "tourn"]
[EventRounds "5"]
[EventCountry "CAN"]
[SourceTitle "EXT 2011"]
[Source "ChessBase"]
[SourceDate "2010.11.26"]
[SourceVersion "1"]
[SourceVersionDate "2010.11.26"]
[SourceQuality "1"]

1. d4 d5 2. c4 e6 3. Nc3 Nf6 4. Bg5 c6 5. cxd5 cxd5 6. g3 Be7 7. Bg2 Qa5 8. f3 0-0 9. Nh3 Nc6 10. a3 Qb6 11. e3 Qxb2 12. Na4 Qxg2 13. Nf2 Ng4 14. fxg4 Bxg5 15. Qe2 e5 16. 0-0-0 e4 17. Qd2 Nxd4 18. Qxd4 Qxf2 19. Rde1 Bxg4 20. Nc3 Bf6 21. Qd2 Qxd2+ 22. Kxd2 Be7 0-1

[Event "Montreal Mercredi 04"]
[Site "Montreal"]
[Date "2008.04.16"]
[Round "3"]
[White "Marquis, Gerald"]
[Black "Ber, Alexandre"]
[Result "0-1"]
[WhiteElo "1493"]
[BlackElo "1495"]
[PlyCount "72"]
[EventDate "2008.04.02"]
[EventType "tourn"]
[EventRounds "5"]
[EventCountry "CAN"]
[SourceTitle "EXT 2011"]
[Source "ChessBase"]
[SourceDate "2010.11.26"]
[SourceVersion "1"]
[SourceVersionDate "2010.11.26"]
[SourceQuality "1"]

1. e4 e6 2. d4 d5 3. Nd2 Nf6 4. e5 Nfd7 5. Qg4 c5 6. c3 Nc6 7. Ndf3 cxd4 8. cxd4 Bb4+ 9. Bd2 Bxd2+ 10. Nxd2 0-0 11. Bd3 f5 12. Qf4 Qb6 13. Nb3 Qb4+ 14. Qd2 b6 15. Nf3 a5 16. Rc1 Qxd2+ 17. Nbxd2 Ndb8 18. a3 Ba6 19. Bxa6 Rxa6 20. Rc3 h6 21. 0-0 Ra7 22. Rfc1 Rc8 23. Kf1 Rac7 24. Ne1 Na6 25. Ndf3 Na7 26. Rxc7 Rxc7 27. Rxc7 Nxc7 28. Nd3 g5 29. Ke2 Nc6 30. h3 Nb5 31. g4 Nbxd4+ 32. Nxd4 Nxd4+ 33. Ke3 Nc6 34. gxf5 exf5 35. f4 Kf7 36. Kf3 Ke6 0-1

[Event "Montreal Mercredi 01"]
[Site "Montreal"]
[Date "2008.01.31"]
[Round "5"]
[White "Zhang, Zhiyuan"]
[Black "Marquis, Gerald"]
[Result "1/2-1/2"]
[WhiteElo "1546"]
[BlackElo "1533"]
[PlyCount "74"]
[EventDate "2008.01.09"]
[EventType "tourn"]
[EventRounds "5"]
[EventCountry "CAN"]
[SourceTitle "EXT 2011"]
[Source "ChessBase"]
[SourceDate "2010.11.26"]
[SourceVersion "1"]
[SourceVersionDate "2010.11.26"]
[SourceQuality "1"]

1. e4 e5 2. Nf3 Nf6 3. Nc3 Nc6 4. Be2 Bb4 5. 0-0 Bxc3 6. dxc3 Nxe4 7. Nxe5 Nxe5 8. Qd4 0-0 9. Qxe4 Re8 10. Qd4 d6 11. Be3 Bf5 12. Qd2 Qf6 13. Rad1 Qg6 14. f4 Ng4 15. Bxg4 Bxg4 16. Rde1 Bf5 17. Rf2 Re6 18. c4 Rae8 19. c3 Re4 20. Rff1 Bh3 21. Rf3 Bg4 22. Rg3 Qe6 23. b3 h5 24. h3 Bf5 25. Kf1 h4 26. Rf3 Bg6 27. Bf2 Bh5 28. Rfe3 Qf5 29. Rxe4 Rxe4 30. Rxe4 Qxe4 31. Bxh4 f6 32. Bf2 Qb1+ 33. Be1 Qd1 34. Qe3 c5 35. g4 Bf7 36. f5 Kf8 37. Kg2 Be8 1/2-1/2

[Event "Montreal Mercredi 01"]
[Site "Montreal"]
[Date "2008.01.23"]
[Round "3"]
[White "Chenard, Yanick"]
[Black "Marquis, Gerald"]
[Result "1-0"]
[WhiteElo "1452"]
[BlackElo "1533"]
[PlyCount "107"]
[EventDate "2008.01.09"]
[EventType "tourn"]
[EventRounds "5"]
[EventCountry "CAN"]
[SourceTitle "EXT 2011"]
[Source "ChessBase"]
[SourceDate "2010.11.26"]
[SourceVersion "1"]
[SourceVersionDate "2010.11.26"]
[SourceQuality "1"]

1. d4 d5 2. c4 e6 3. Nc3 Nf6 4. Nf3 Nbd7 5. Bg5 c6 6. e3 Qa5 7. Bxf6 Nxf6 8. a3 Ne4 9. Qc1 Nxc3 10. Qxc3 Bb4 11. Qxb4 Qc7 12. Be2 a5 13. Qb3 0-0 14. 0-0 Qe7 15. cxd5 exd5 16. Ne5 Qg5 17. f4 Qh6 18. Rf3 Re8 19. Rg3 Rb8 20. Qc2 g6 21. Bg4 Qg7 22. Bxc8 Rbxc8 23. Rf1 Rc7 24. f5 Kh8 25. fxg6 fxg6 26. Rgf3 Kg8 27. Qc5 Rce7 28. Ng4 Kh8 29. Qc2 Re6 30. Qf2 R6e7 31. Rf8+ Rxf8 32. Qxf8+ Qxf8 33. Rxf8+ Kg7 34. Rb8 Kf7 35. Kf2 Ke6 36. b4 axb4 37. axb4 Kf5 38. Ne5 Ke6 39. g4 Kd6 40. Kg3 Kc7 41. Rf8 Kb6 42. Kf3 Kb5 43. Nd3 Kc4 44. Ke2 Kc3 45. h4 Rc7 46. Rf1 Re7 47. Rc1+ Kb3 48. Rb1+ Kc4 49. Ne5+ Kb5 50. Kd3 Rc7 51. Kc3 Re7 52. Rf1 h5 53. gxh5 gxh5 54. Rf7 1-0

[Event "Montreal Mercredi 10"]
[Site "Montreal"]
[Date "2007.10.31"]
[Round "4"]
[White "Marquis, Gerald"]
[Black "Lemieux, Serge"]
[Result "1-0"]
[WhiteElo "1498"]
[BlackElo "1490"]
[PlyCount "43"]
[EventDate "2007.10.10"]
[EventType "swiss"]
[EventRounds "5"]
[EventCountry "CAN"]
[SourceTitle "EXT 2022"]
[Source "ChessBase"]
[SourceDate "2021.10.06"]
[SourceVersion "1"]
[SourceVersionDate "2021.10.06"]
[SourceQuality "1"]

1. d4 d6 2. e4 Nf6 3. Bd3 Nc6 4. Nf3 Bg4 5. c3 g6 6. 0-0 Bg7 7. Bg5 h6 8. Bh4 g5 9. Bg3 Nh5 10. Nbd2 Nxg3 11. fxg3 Qd7 12. Qb3 Rb8 13. Nxg5 Be6 14. Nxe6 fxe6 15. Bb5 d5 16. e5 Qc8 17. Qc2 Kd7 18. Qg6 Qg8 19. Rf7 Rh7 20. Raf1 Qh8 21. Nb3 b6 22. Bxc6+ 1-0

[Event "Montreal Mercredi 10"]
[Site "Montreal"]
[Date "2007.10.17"]
[Round "2"]
[White "Marquis, Gerald"]
[Black "Casquero, Herberth"]
[Result "0-1"]
[WhiteElo "1498"]
[BlackElo "1522"]
[PlyCount "106"]
[EventDate "2007.10.10"]
[EventType "swiss"]
[EventRounds "5"]
[EventCountry "CAN"]
[SourceTitle "EXT 2022"]
[Source "ChessBase"]
[SourceDate "2021.10.06"]
[SourceVersion "1"]
[SourceVersionDate "2021.10.06"]
[SourceQuality "1"]

1. e4 Nf6 2. e5 Nd5 3. c4 Nb6 4. d4 d6 5. Nf3 Nc6 6. Be2 Bf5 7. Bd2 e6 8. 0-0 Be7 9. b3 0-0 10. Bc3 a5 11. Qd2 a4 12. Qb2 a3 13. Nxa3 dxe5 14. Nb5 e4 15. Nd2 Nb4 16. d5 exd5 17. Bxg7 c6 18. Bxf8 Bf6 19. Nd4 Qxf8 20. Qc3 Qc5 21. Qg3+ Bg6 22. Nf5 Bxa1 23. Rxa1 Re8 24. Qd6 Qxd6 25. Nxd6 Re7 26. cxd5 cxd5 27. h4 Rd7 28. Ne8 Kf8 29. Nf6 Rd6 30. Ng4 f5 31. Ne5 Be8 32. f4 d4 33. a4 d3 34. Bf1 e3 35. Ndc4 Nxc4 36. Nxc4 Re6 37. Ne5 e2 38. Bxe2 dxe2 39. Kf2 Nc2 40. Rc1 e1Q+ 41. Rxe1 Nxe1 42. Kxe1 Rb6 43. a5 Rxb3 44. Kf2 Ra3 45. Nc4 Ra4 46. Nd6 Bc6 47. g3 Rxa5 48. Ke3 Rd5 49. Nc4 b5 50. Ne5 Bd7 51. g4 fxg4 52. Ke4 Rd1 53. Nxg4 Bxg4 0-1